[Event "ISL-chT 9798"]
[Site "Iceland"]
[Date "1998.??.??"]
[Round "?"]
[White "Gretarsson, Helgi Ass"]
[Black "Halldorsson, Jon Arni"]
[Result "1-0"]
[WhiteElo "2470"]
[BlackElo "2160"]

1.d4 d5 2.c4 c6 3.Nc3 Nf6 4.Nf3 dxc4 5.a4 Bf5 6.Ne5 Nbd7 7.Nxc4 Qc7 8.g3 e5
9.dxe5 Nxe5 10.Bf4 Nfd7 11.Bg2 f6 12.O-O Nc5 13.e4 Bg6 14.Bxe5 fxe5 15.f4 Rd8
16.Qe2 exf4 17.gxf4 Nd3 18.Rad1 Bc5+ 19.Kh1 Rd4 20.Rxd3 Rxc4 21.Rfd1 Bf7
22.e5 O-O 23.Rd7  1-0

[Event "South California-ch"]
[Site "Irvine"]
[Date "1998.??.??"]
[Round "6"]
[White "Van Buskirk, Charles"]
[Black "Lakdawala, Cyrus"]
[Result "0-1"]
[WhiteElo "2265"]
[BlackElo "2425"]

1.d4 d5 2.c4 c6 3.Nf3 Nf6 4.Nc3 dxc4 5.a4 Bf5 6.e3 e6 7.Bxc4 Bb4 8.O-O O-O
9.Qe2 Bg4 10.Rd1 Nbd7 11.e4 Rc8 12.Bf4 Qa5 13.e5 Nd5 14.Nxd5 cxd5 15.Bb5 Qd8
16.Rac1 Nb8 17.Rxc8 Qxc8 18.Bd3 Qd8 19.Qe3 Nc6 20.h3 Bh5 21.Bb5 Qb6 22.g4 Bg6
23.Rc1 Na5 24.Bd3 Be7 25.Bxg6 fxg6 26.Rc2 Nc4 27.Qc1 g5 28.Bxg5 Rxf3 29.Bxe7 Qxd4
30.Kg2 Qe4 31.Kh2 Qxe5+ 32.Kg2 Qe4 33.Kh2 Qd3  0-1

[Event "Independence Cup op"]
[Site "Kiev"]
[Date "1998.??.??"]
[Round "5"]
[White "Karnaukh, Anatolij"]
[Black "Struk, Pavel"]
[Result "1-0"]
[WhiteElo "2275"]
[BlackElo "2215"]

1.c4 Nf6 2.Nf3 c6 3.Nc3 d5 4.d4 dxc4 5.a4 Bf5 6.e3 e6 7.Bxc4 Bb4 8.O-O O-O
9.Na2 Bd6 10.b4 Nbd7 11.Bb2 Qc7 12.h3 h6 13.Qb3 Ne4 14.Nc3 Ndf6 15.Nxe4 Nxe4
16.Rac1 Qe7 17.b5 Ng5 18.Nxg5 Qxg5 19.f4 Qg6 20.Kh2 h5 21.g3 Rfc8 22.Rf2 Be4
23.Qd1 cxb5 24.axb5 Qf5 25.g4 Qf6 26.gxh5 Qh4 27.Qg1 Bf8 28.Qg3 Qxh5 29.Qg4 Qh7
30.Rff1 Rxc4 31.Rxc4 Bd3 32.Rfc1 Bxc4 33.Rxc4 Qd3 34.Rc7 Qxe3  1-0

[Event "Independence Cup op"]
[Site "Kiev"]
[Date "1998.??.??"]
[Round "5"]
[White "Simkin, Y."]
[Black "Mezheritsky, Yuri"]
[Result "1-0"]
[WhiteElo "2245"]
[BlackElo "2090"]

1.d4 d5 2.c4 c6 3.Nf3 Nf6 4.Nc3 dxc4 5.a4 Bf5 6.e3 Nbd7 7.Bxc4 e6 8.O-O Be7
9.Qe2 O-O 10.e4 Bg6 11.Rd1 Qa5 12.Bg5 Bb4 13.e5 Nd5 14.Ne4 N7b6 15.Bd3 h6
16.Bc1 Rfd8 17.Nh4 Ne7 18.Nxg6 Nxg6 19.Be3 Nd5 20.Qg4 Nxe3 21.fxe3 Be7 22.Bc4 Kh7
23.Rf1 Rf8 24.Bd3 Kh8 25.Rxf7 Rxf7 26.Qxg6 Raf8 27.Ng5  1-0

[Event "Kiev-ch"]
[Site "Kiev"]
[Date "1998.??.??"]
[Round "6"]
[White "Shishkin, Vadim"]
[Black "Simkin, Y."]
[Result "1-0"]
[WhiteElo "2415"]
[BlackElo "2245"]

1.d4 d5 2.c4 c6 3.Nc3 Nf6 4.Nf3 dxc4 5.a4 Bf5 6.Ne5 Nbd7 7.Nxc4 Qc7 8.g3 Rd8
9.Bf4 Qc8 10.Bg2 Nc5 11.O-O Bh3 12.b4 Bxg2 13.Kxg2 Ne6 14.Be5 Ng4 15.e3 Ng5
16.f4 Nxe5 17.Nxe5 Qh3+ 18.Kg1 Ne6 19.Ne4 f6 20.Nf2 Qh6 21.Nfg4 Qh3 22.Nd3 g6
23.f5 h5 24.Ndf2 Ng5 25.Nxf6+ exf6 26.Nxh3 Nxh3+ 27.Kg2 Ng5 28.fxg6 Bg7 29.h4 Ne6
30.Rf5 Rh6 31.Qf3 Rxg6 32.Qxh5 Kf7 33.Raf1 Nc7 34.Rg5  1-0

[Event "Independence Cup op"]
[Site "Kiev"]
[Date "1998.??.??"]
[Round "6"]
[White "Julin, Alexei"]
[Black "Khaskelman, Evgeny"]
[Result "1/2-1/2"]
[WhiteElo "2320"]
[BlackElo "2180"]

1.d4 d5 2.c4 c6 3.Nf3 Nf6 4.Nc3 dxc4 5.a4 Bf5 6.e3 e6 7.Bxc4 Bb4 8.O-O O-O
9.h3 Nbd7 10.Nh4 Ne4 11.Nxf5 exf5 12.Qc2 Bxc3 13.bxc3 Qa5 14.Ba3 c5 15.Bd3 Rfe8
16.Rfb1 Qc7 17.c4 b6 18.d5 Rad8 19.Bb2 Ra8 20.a5 bxa5 21.Qa4 Reb8 22.Qc6 Qxc6
23.dxc6 Nb6 24.Rxa5 Nd2 25.Rd1 Nbxc4 26.Rxc5 Nxb2 27.Rxd2 Nxd3 28.Rxd3 g6
29.Ra5 Rb1+ 30.Kh2 Rc1  1/2-1/2

[Event "Independence Cup op"]
[Site "Kiev"]
[Date "1998.??.??"]
[Round "7"]
[White "Simkin, Y."]
[Black "Struk, Pavel"]
[Result "1-0"]
[WhiteElo "2245"]
[BlackElo "2215"]

1.d4 d5 2.c4 c6 3.Nf3 Nf6 4.Nc3 dxc4 5.a4 Bf5 6.e3 e6 7.Bxc4 Bb4 8.O-O O-O
9.Ne5 Nbd7 10.Nxd7 Qxd7 11.f3 Rfd8 12.Qe2 Bg6 13.Rd1 c5 14.dxc5 Qc7 15.Bd2 Bxc5
16.Kh1 Qe5 17.e4 Bd6 18.g3 Qh5 19.Kg2 Rac8 20.Be3 Qa5 21.Nb5 Bb8 22.Bd2 Qb6
23.Rac1 a6 24.Be3 Qa5 25.Nc3 h5 26.Rxd8+ Rxd8 27.Rd1 Rxd1 28.Qxd1 h4 29.Ne2 hxg3
30.hxg3 Nh5 31.Qd7 Qe5 32.Qxb7 Kh7 33.Bd4 Qd6 34.Qb6 Qf8 35.Bxa6 f5 36.e5 Bf7
37.Bc5 Qe8 38.Bb5 Qc8 39.Bd6  1-0

[Event "Klatovy op-B"]
[Site "Klatovy"]
[Date "1998.??.??"]
[Round "?"]
[White "Travnik, P."]
[Black "Kucera, Petr"]
[Result "1-0"]
[WhiteElo "1775"]
[BlackElo "2365"]

1.d4 d5 2.c4 c6 3.Nf3 Nf6 4.Nc3 dxc4 5.a4 Bf5 6.e3 e6 7.Bxc4 Bb4 8.O-O O-O
9.h3 Qe7 10.Ne2 Nbd7 11.Ng3 Bg6 12.Nh4 Rac8 13.Nxg6 hxg6 14.b3 c5 15.Bb2 Rfd8
16.Qe2 e5 17.dxc5 Nxc5 18.Rfd1 Rc6 19.Rxd8+ Qxd8 20.Bxe5 Qe7 21.Bb2 Rd6 22.Rd1 Qd7
23.Rxd6 Qxd6 24.Qc2 Nfd7 25.Ne4 Nxe4 26.Qxe4 Nc5 27.Qe8+ Kh7 28.Qxf7 Kh6
29.Qxg7+ Kg5 30.g4 a6 31.Be5 Qd1+ 32.Kg2  1-0

[Event "RUS-ch U18"]
[Site "Kolontaevo"]
[Date "1998.??.??"]
[Round "?"]
[White "Zaitsev, Mikhail"]
[Black "Rozkov, Nikolai"]
[Result "1/2-1/2"]
[WhiteElo "2270"]
[BlackElo "2325"]

1.d4 d5 2.c4 c6 3.Nf3 Nf6 4.Nc3 dxc4 5.a4 Bf5 6.e3 e6 7.Bxc4 Bb4 8.O-O Nbd7
9.Qe2 Bg6 10.e4 Bxc3 11.bxc3 Nxe4 12.Ba3 Qc7 13.Rfc1 c5 14.Bb5 O-O 15.Bxd7 Qxd7
16.Ne5 Qd5 17.f3 Nf6 18.Bxc5 Rfc8 19.Rd1 b6 20.c4 Qb7 21.Ba3 Nd7 22.Nxg6 hxg6
23.d5 exd5 24.cxd5 Re8 25.Qb5 Rac8 26.Re1 a6 27.Rxe8+ Rxe8 28.Qc6 Qa7 29.Rc1 Nf6
30.d6 b5+ 31.Bc5 Qd7 32.axb5 axb5 33.Qxd7 Nxd7 34.Bf2 f6 35.Rc7 Rd8 36.Rb7 Ne5  1/2-1/2

[Event "Korinthos op"]
[Site "Korinthos"]
[Date "1998.??.??"]
[Round "2"]
[White "Nikolaidis, Ioannis"]
[Black "Jakobsen, M."]
[Result "1-0"]
[WhiteElo "2490"]
[BlackElo "2180"]

1.d4 d5 2.c4 c6 3.Nf3 Nf6 4.Nc3 dxc4 5.a4 Bf5 6.e3 e6 7.Bxc4 Bb4 8.O-O Nbd7
9.Qe2 Bg6 10.e4 O-O 11.e5 Nd5 12.Nxd5 cxd5 13.Bd3 Be7 14.Bxg6 hxg6 15.Bd2 Nb8
16.Qb5 Qb6 17.Ba5 Qxb5 18.axb5 a6 19.Bd2 Nd7 20.Rfc1 axb5 21.Rxa8 Rxa8 22.Rc7 Ra1+
23.Be1 Bb4 24.Rxd7 Bxe1 25.Rd8+ Kh7 26.Ng5+ Kh6 27.Nxf7+ Kh5 28.Rh8+ Kg4
29.h3+ Kf4 30.Rh4+ Kf5 31.Nd6+ Kg5 32.g3 Bb4+ 33.Kg2 Bxd6 34.exd6 Ra8 35.Rf4 Rd8
36.Rf7 Rxd6 37.Rxg7 b6 38.Rf7 Rc6 39.f4+ Kh6 40.g4 g5 41.Rf6+ Kg7 42.fxg5 Rc2+
43.Kg3 Re2 44.h4 Re3+ 45.Rf3 Re1 46.h5 Rg1+ 47.Kh3 Kg8 48.g6 Kg7 49.Rf7+ Kh6
50.Rh7+ Kg5 51.g7  1-0

[Event "Korinthos op"]
[Site "Korinthos"]
[Date "1998.??.??"]
[Round "8"]
[White "Hillarp Persson, Tiger"]
[Black "Mastrovasilis, Dimitrios"]
[Result "1-0"]
[WhiteElo "2410"]
[BlackElo "2280"]

1.d4 d5 2.c4 c6 3.Nf3 Nf6 4.Nc3 dxc4 5.a4 Bf5 6.Ne5 e6 7.f3 c5 8.e4 cxd4
9.exf5 Bb4 10.Bxc4 dxc3 11.Qxd8+ Kxd8 12.O-O cxb2 13.Bxb2 Ke7 14.fxe6 fxe6
15.Nd3 Rc8 16.Bb3 Nc6 17.Nxb4 Nxb4 18.Ba3 a5 19.Rfe1 Rc6 20.Re5 Kf7 21.Bxb4 axb4
22.Rb5 b6 23.Rd1 Ra7 24.Rxb4 Rd7 25.Re1 Rd2 26.h4 Nd5 27.Rbe4 Kf6 28.Kh2 g6
29.Bc4 h6 30.Kh3 e5 31.Bxd5 Rxd5 32.Rb4 Rd4 33.Rb5 Rxa4 34.Rbxe5 Ra7 35.h5 gxh5
36.Rxh5 Kg6 37.Rhe5 Rb7 38.Rb5 Rf7 39.Reb1 Rff6 40.R1b4 Kg7 41.Rb3 Kf7 42.g4 Rc5
43.Kg3 Rxb5 44.Rxb5 Kg7 45.f4 Kg6 46.Rb4 Rc6 47.Kh4 Rd6 48.Rb5 Kf7 49.Rb3 Kg7
50.Rb2 Rd4 51.f5 Rd6 52.Rc2 Rd1 53.Rc7+ Kf6 54.Rc6+ Kg7 55.Rg6+ Kh7 56.Rxb6 Rd3
57.Rb7+ Kg8 58.Kh5 Rd6 59.Re7  1-0

[Event "RUS-Cup"]
[Site "Krasnodar"]
[Date "1998.??.??"]
[Round "5"]
[White "Ulibin, Mikhail"]
[Black "Minasian, Artashes"]
[Result "1-0"]
[WhiteElo "2575"]
[BlackElo "2570"]

1.d4 d5 2.c4 c6 3.Nf3 Nf6 4.Nc3 dxc4 5.a4 Bf5 6.e3 e6 7.Bxc4 Bb4 8.O-O Nbd7
9.Nh4 Bg6 10.h3 Bh5 11.g4 Nd5 12.Ng2 Bg6 13.Bd2 Bd6 14.f3 h5 15.e4 hxg4 16.hxg4 N5b6
17.Bb3 e5 18.Be3 exd4 19.Bxd4 Nc5 20.Ba2 Bh2+ 21.Kf2 Qd6 22.Ne2 Bxe4 23.Bxg7 Nd3+
24.Ke3 O-O-O 25.fxe4 Rh3+ 26.Rf3 Qc5+ 27.Bd4 Qg5+ 28.Kxd3 Rxf3+ 29.Kc2 Qxg4
30.Ne1 Qxe4+ 31.Nd3 Be5 32.Nc3 Qf5 33.Bxf7 Qxf7 34.Nxe5 Qf5+ 35.Kb3 Rf4 36.Ne2 Qe6+
37.Kc2 Qf5+ 38.Qd3 Qxd3+ 39.Kxd3 c5 40.Nxf4 Rxd4+  1-0

[Event "Kstovo (Women)"]
[Site "Kstovo"]
[Date "1998.??.??"]
[Round "?"]
[White "Manakova, Maria"]
[Black "Kovalevskaya, Ekaterina"]
[Result "1/2-1/2"]
[WhiteElo "2315"]
[BlackElo "2390"]

1.d4 d5 2.c4 c6 3.Nf3 Nf6 4.Nc3 dxc4 5.a4 Bf5 6.Ne5 e6 7.e3 Bb4 8.Bxc4 Nbd7
9.Nd3 Ba5 10.O-O O-O 11.Ne2 Bc7 12.Ng3 Bg6 13.Qe2 Qe7 14.Ba2 c5 15.dxc5 Nxc5
16.Nxc5 Qxc5 17.Bd2 Bxg3 18.hxg3 Qc2 19.Bb1 Qxb2 20.Bxg6 hxg6 21.Rfb1 Qe5
22.Qb5 Qxb5 23.Rxb5 Rfd8 24.Be1 Rd7 25.Rab1 b6 26.a5 bxa5 27.Rxa5 a6 28.Rb6 Rd1
29.Kf1 Rc8 30.Ke2 Rdc1 31.Rbxa6 R8c2+ 32.Kd3 Rc7 33.Ra1 Rd7+  1/2-1/2

[Event "RUS-ch sf"]
[Site "Kstovo"]
[Date "1998.??.??"]
[Round "1"]
[White "Ivanov, Anatolij"]
[Black "Mashinskaya, Iulia"]
[Result "1-0"]
[WhiteElo "2395"]
[BlackElo "2370"]

1.d4 d5 2.Nf3 Nf6 3.c4 c6 4.Nc3 dxc4 5.a4 Bf5 6.Ne5 e6 7.f3 Bb4 8.e4 Bxe4
9.fxe4 Nxe4 10.Bd2 Qxd4 11.Nxe4 Qxe4+ 12.Qe2 Bxd2+ 13.Kxd2 Qd5+ 14.Kc2 Na6
15.Nxc4 O-O 16.Qe5 Rfd8 17.Be2 f6 18.Qxd5 cxd5 19.Na5 Rdc8+ 20.Kb3 Nc5+ 21.Ka3 b6
22.Nb3 Nxb3 23.Kxb3 a5 24.Rhc1 Kf7 25.Rc3 Rc5 26.Ra3 Rac8 27.Kc2 Ke7 28.Rb3 R8c6
29.Rxc5 Rxc5+ 30.Kd2 Rc6 31.Bb5 Rd6 32.g4 e5 33.Rc3 Kd8 34.Rc6 Rxc6 35.Bxc6 d4
36.Be4 g6 37.Kd3 Ke7 38.Kc4 Ke6 39.Bd5+ Ke7 40.h4 f5 41.g5 f4 42.Bf3 Ke6
43.Bg4+ Kd6 44.h5 gxh5 45.Bxh5 Ke6 46.Bg4+ Kf7 47.Bf5 Kg7 48.Kd5 f3 49.Kxe5  1-0

[Event "RUS-ch sf"]
[Site "Kstovo"]
[Date "1998.??.??"]
[Round "6"]
[White "Skomorokhin, Roman"]
[Black "Ariskin, Alexey"]
[Result "1/2-1/2"]
[WhiteElo "2480"]
[BlackElo "2335"]

1.Nf3 d5 2.d4 Nf6 3.c4 c6 4.Nc3 dxc4 5.a4 Bf5 6.e3 e6 7.Bxc4 Bb4 8.O-O O-O
9.Nh4 Bg4 10.f3 Bh5 11.g4 Bg6 12.Nxg6 hxg6 13.Qb3 Qe7 14.a5 c5 15.dxc5 Bxc5
16.g5 Ne8 17.f4 Nd6 18.Be2 Nc6 19.Ra4 Rac8 20.Kh1 Rfd8  1/2-1/2

[Event "Leon op"]
[Site "Leon"]
[Date "1998.??.??"]
[Round "6"]
[White "Damaso, Rui"]
[Black "Cruz Lopez Claret, Carlos"]
[Result "1-0"]
[WhiteElo "2440"]
[BlackElo "2240"]

1.d4 d5 2.c4 c6 3.Nc3 Nf6 4.Nf3 dxc4 5.a4 Bf5 6.e3 e6 7.Bxc4 Bb4 8.O-O Nbd7
9.Qe2 Bg6 10.e4 Bxc3 11.bxc3 Nxe4 12.Ba3 Qc7 13.a5 Nxc3 14.Qb2 Ne4 15.Rfe1 Ndf6  1-0

[Event "Limhamn op"]
[Site "Limhamn"]
[Date "1998.??.??"]
[Round "?"]
[White "Hillarp Persson, Tiger"]
[Black "Hector, Jonny"]
[Result "1-0"]
[WhiteElo "2410"]
[BlackElo "2505"]

1.d4 d5 2.c4 c6 3.Nf3 Nf6 4.Nc3 dxc4 5.a4 Bf5 6.Ne5 Nbd7 7.Nxc4 Qc7 8.g3 e5
9.dxe5 Nxe5 10.Bf4 Nfd7 11.Bg2 f6 12.Nxe5 fxe5 13.Be3 Bc5 14.Qc1 Bxe3 15.Qxe3 O-O
16.a5 a6 17.O-O Rae8 18.Rfd1 Nf6 19.Qc5 Qf7 20.Rd2 Qh5 21.f3 Qf7 22.e4 Bc8
23.Na4 Qh5 24.Nb6 Bh3 25.Bxh3 Qxh3 26.Nc4 Nd7 27.Qe3 Rf6 28.Rad1 Nf8 29.Rd8 Rxd8
30.Rxd8 Qe6 31.b3 Qe7 32.Rd2 h6 33.Kg2 Qb4 34.Nxe5 Qxa5 35.Nd7 Nxd7 36.Rxd7 Rf7
37.Rd3 c5 38.e5 Re7 39.f4 c4 40.bxc4 Qa2+ 41.Kf3 Qxc4 42.g4 Qe6 43.Rd8+ Kf7
44.Kg3 Re8 45.Rd4 b5 46.Qd3 Kg8 47.Rd6 Qa2 48.Qg6 Rc8 49.Rd3 Kh8 50.g5 Qa1
51.Kh4 Rf8 52.Qe4  1-0

[Event "Limhamn op"]
[Site "Limhamn"]
[Date "1998.??.??"]
[Round "?"]
[White "Oliwa, Marek"]
[Black "Hector, Jonny"]
[Result "1-0"]
[WhiteElo "2370"]
[BlackElo "2505"]

1.d4 d5 2.Nf3 Nf6 3.c4 c6 4.Nc3 dxc4 5.a4 Bf5 6.e3 e6 7.Bxc4 Bb4 8.O-O Nbd7
9.Qe2 Bg6 10.Ne5 Nxe5 11.dxe5 Nd7 12.f4 Nb6 13.Rd1 Qh4 14.Bb3 O-O 15.Rf1 Rad8
16.Bc2 Bh5 17.Qf2 Qe7 18.Na2 Nd5 19.Nxb4 Nxb4 20.e4 Rd7 21.Be3 b6 22.a5 c5
23.axb6 axb6 24.Ba4 Ra7 25.Bb5 Rxa1 26.Rxa1 Rd8 27.h3 f5 28.exf6 Qxf6 29.Ra7 Bg6
30.e5 Qf5 31.Qh4 Rf8 32.Bc4 Bf7 33.Bd2 Nc6 34.Rb7 Qc2 35.Bc3 Na5 36.Bxa5 Qxc4
37.Bxb6 Bg6 38.Qg4 Rxf4 39.Rb8+ Kf7 40.Rb7+ Kg8 41.Rb8+ Be8 42.Qg5 Rf8 43.Rc8 Qd4+
44.Kh2 h6 45.Qg3 Rf1 46.Bxc5 Qd7 47.Ra8 Qc6 48.Ra7 Bf7 49.Qd3 Rf5 50.Bd6 Rf2
51.Qg3 Rxb2 52.Bf8  1-0

[Event "SLO-ch"]
[Site "Maribor"]
[Date "1998.??.??"]
[Round "3"]
[White "Soln, Primoz"]
[Black "Podkriznik, Gregor"]
[Result "0-1"]
[WhiteElo "2350"]
[BlackElo "2330"]

1.d4 d5 2.c4 c6 3.Nc3 Nf6 4.Nf3 dxc4 5.a4 Bf5 6.e3 e6 7.Bxc4 Bb4 8.O-O Nbd7
9.Nh4 Bg6 10.Be2 a5 11.f4 O-O 12.Nxg6 hxg6 13.Bf3 Qb6 14.Kh1 Rad8 15.Qc2 Rfe8
16.Rd1 c5 17.Na2 cxd4 18.Nxb4 Qxb4 19.Bd2 Qb6 20.exd4 Nd5 21.Bxd5 exd5 22.f5 gxf5
23.Qxf5 Nf6 24.Bg5 Re6 25.Bxf6 Rxf6 26.Qc2 Re8 27.h3 Rf4 28.Qc3 Re2 29.Re1 Qxb2
30.Qc8+ Kh7 31.Rab1 Rxe1+ 32.Rxe1 Qd2 33.Rb1 Qxd4 34.Qxb7 Qe4 35.Rd1 Rf2
36.Rg1 Rf5 37.Rd1 Qxa4 38.Qb1 Qe4 39.Qa1 Rf2 40.Rg1 a4 41.Qa3 f6 42.Qg3 Rd2
43.Re1 Rxg2 44.Rxe4 Rxg3  0-1

[Event "RUS-Cup02"]
[Site "Moscow"]
[Date "1998.??.??"]
[Round "7"]
[White "Novichkov, Vadim"]
[Black "Hasangatin, Ramil"]
[Result "1/2-1/2"]
[WhiteElo "2415"]
[BlackElo "2460"]

1.d4 d5 2.c4 c6 3.Nf3 Nf6 4.Nc3 dxc4 5.a4 Bf5 6.e3 e6 7.Bxc4 Bb4 8.Nh4 O-O
9.Nxf5 exf5 10.O-O Nbd7 11.Qb3 Qe7 12.Bd2 a5 13.Rad1 g6 14.Bc1 Rfe8 15.g3 Nb6
16.Be2 Nbd5 17.Bf3 Rad8 18.Bd2 h5 19.Nxd5 Nxd5 20.Bxb4 Nxb4 21.h4 Qe6 22.Qc3 Ra8
23.Kg2  1/2-1/2

[Event "EU-ch U18"]
[Site "Murek"]
[Date "1998.??.??"]
[Round "4"]
[White "Halkias, Stelios"]
[Black "Atakisi, Umut"]
[Result "1-0"]
[WhiteElo "2435"]
[BlackElo "2225"]

1.d4 d5 2.c4 c6 3.Nf3 Nf6 4.Nc3 dxc4 5.a4 Bf5 6.Ne5 e6 7.f3 Bb4 8.e4 Bxe4
9.fxe4 Nxe4 10.Bd2 Qxd4 11.Nxe4 Qxe4+ 12.Qe2 Bxd2+ 13.Kxd2 Qd5+ 14.Kc2 Na6
15.Nxc4 O-O 16.Qf3 Qc5 17.Kb1 Rfd8 18.Be2 Rd4 19.Rc1 Qg5 20.Qe3 Qf5+ 21.Ka2 Re4
22.Qf3 Rf4 23.Qc3 b5 24.Qa5 Nc5 25.axb5 cxb5 26.g4 Qe4 27.Qxb5 Qxe2 28.Qxc5 Rxg4
29.Ne5 Qa6+ 30.Kb1 Ra4 31.Rxa4 Qxa4 32.Qc8+ Qe8 33.Qb7 Rb8 34.Qxa7 Qb5 35.Qxf7+ Kh8
36.Nc4 Qd5 37.Qf2 Ra8 38.Qc2 h6 39.Rd1 Qc5 40.Re1 e5 41.Na3 Qa5 42.Re3 Qd5
43.Qe4 Qd1+ 44.Ka2 Re8 45.Rd3 Qh5 46.h4 Qf7+ 47.Nc4 Qf4 48.Nd6 Rf8 49.Ra3 Qxe4
50.Nxe4 Rf4 51.Re3 Rxh4 52.b4 Rf4 53.b5 Kh7 54.b6 g5 55.b7 Rf8 56.Nd6 Rb8
57.Rxe5 Kg6 58.Re8 Rxb7 59.Nxb7 Kf5 60.Nd6+ Kf4 61.Rf8+  1-0

[Event "EU-ch U16"]
[Site "Murek"]
[Date "1998.??.??"]
[Round "6"]
[White "Streikus, Simonas"]
[Black "Vyparina, Matej"]
[Result "1-0"]
[WhiteElo "2205"]
[BlackElo "2120"]

1.d4 d5 2.c4 c6 3.Nf3 Nf6 4.Nc3 dxc4 5.a4 Bf5 6.e3 e6 7.Bxc4 Bb4 8.O-O Nbd7
9.Qe2 O-O 10.e4 Bg4 11.Rd1 Qe7 12.h3 Bxf3 13.Qxf3 e5 14.d5 Nb6 15.Bb3 cxd5
16.a5 Nbd7 17.Nxd5 Nxd5 18.Bxd5 Nc5 19.Qf5 Rac8 20.Bg5 Qc7 21.Rac1 h6 22.Bxh6 gxh6
23.Qg6+ Kh8 24.Qxh6+ Kg8 25.Rd3 Nxd3 26.Rxc7 Rxc7 27.Qg5+ Kh7 28.Qh4+ Kg6
29.Qg3+ Kf6 30.Qxd3 Bc5 31.h4 Bd4 32.b3 Rc3 33.Qe2 Rg8 34.Kh2 b6 35.Qh5 Rc7
36.g4 Rg6 37.Qf5+ Kg7 38.h5 Rh6 39.axb6 axb6 40.Kh3 f6 41.Kh4 Kh8 42.g5 fxg5+
43.Kg4 Rg7 44.Qf8+ Kh7 45.Be6  1-0

[Event "US-ch cadets"]
[Site "Nashville"]
[Date "1998.??.??"]
[Round "6"]
[White "Mont Reynaud, Jordy"]
[Black "Zaremba, Andre"]
[Result "1/2-1/2"]
[WhiteElo "2125"]
[BlackElo "2245"]

1.d4 d5 2.c4 c6 3.Nf3 Nf6 4.Nc3 dxc4 5.a4 Bf5 6.e3 e6 7.Bxc4 Bb4 8.O-O O-O
9.h3 Nbd7 10.Qe2 Bg6 11.Nh4 e5 12.Nxg6 hxg6 13.Rd1 exd4 14.exd4 Nb6 15.Ba2 Nbd5
16.Bd2 Ba5 17.Qf3 Nb4 18.Bb3 Qxd4 19.Be3 Qe5 20.Bd4 Qg5 21.Bxf6 Qxf6 22.Qxf6 gxf6
23.Rd7 Na6 24.Ne4 f5 25.Ng5 Nc5 26.Bxf7+ Kh8 27.Rd4 Ne4 28.Nxe4 Rxf7 29.Ng5 Re7
30.Rad1 Rae8 31.Rd7 Kg7 32.h4 Bb4 33.R1d4 Rxd7 34.Rxd7+ Re7 35.Rxe7+ Bxe7
36.Nf3 Kf6 37.Kf1 Ke6 38.Ke2 Kd5 39.g3 Bf6 40.b3 Kc5 41.Kd3 Kb4 42.Kc2 Bc3
43.Ng5 b5 44.axb5 cxb5 45.Ne6 a5 46.Nf4 Bd4 47.Nxg6 a4 48.bxa4 bxa4 49.Ne7 Bxf2
50.Nxf5 a3 51.h5 Be1 52.Ne3 Bxg3 53.Nd5+ Kc4 54.Nb6+ Kb5 55.Kb3  1/2-1/2

[Event "New Castle on Tyne op"]
[Site "New Castle on Tyne"]
[Date "1998.??.??"]
[Round "1"]
[White "Arkell, Keith C"]
[Black "Kreiman, Boris"]
[Result "1/2-1/2"]
[WhiteElo "2455"]
[BlackElo "2445"]

1.d4 Nf6 2.Nf3 d5 3.c4 c6 4.Nc3 dxc4 5.a4 Bf5 6.Nh4 Be6 7.e4 g6 8.Nf3 Bg7
9.Ng5 Bg4 10.f3 Bc8 11.Bxc4 O-O 12.Qb3 e6 13.Be3 b6 14.O-O Qe7 15.Rad1 Nbd7
16.e5 Nd5 17.Bc1 a6 18.Nge4 b5 19.Be2 h6 20.Nd6 Rb8 21.f4 f5 22.Nxd5 cxd5
23.axb5 axb5 24.Bxb5 Ba6 25.Qa4 Bxb5 26.Nxb5 Nb6 27.Qa2 Qb4 28.Nc7 Qe7 29.Nb5 Qb4
30.Nd6 Na4 31.Rf2 Rfd8 32.Rc2  1/2-1/2

[Event "South Wales 1st"]
[Site "Newport"]
[Date "1998.??.??"]
[Round "9"]
[White "Panczyk, Krzysztof"]
[Black "Morris, Charles F"]
[Result "1/2-1/2"]
[WhiteElo "2390"]
[BlackElo "2245"]

1.d4 d5 2.c4 c6 3.Nf3 Nf6 4.Nc3 dxc4 5.a4 Bf5 6.e3 e6 7.Bxc4 Bb4 8.O-O Nbd7
9.Qe2 Bg6 10.e4 Bxc3 11.bxc3 Nxe4 12.Ba3 Qc7 13.Rfc1 c5 14.Bb5 O-O 15.Bxd7 Qxd7  1/2-1/2

[Event "NOR-chT"]
[Site "NOR"]
[Date "1998.??.??"]
[Round "?"]
[White "Evseev, Denis"]
[Black "Madsen, Dag"]
[Result "1-0"]
[WhiteElo "2455"]
[BlackElo "2275"]

1.d4 d5 2.c4 c6 3.Nf3 Nf6 4.Nc3 dxc4 5.a4 Bf5 6.e3 e6 7.Bxc4 Bb4 8.O-O O-O
9.Nh4 Bg4 10.f3 Bh5 11.g4 Bg6 12.e4 c5 13.Nxg6 hxg6 14.Na2 Nc6 15.Nxb4 Nxb4
16.dxc5 Qc7 17.Be3 b6 18.Rc1 bxc5 19.Bb5 Rfc8 20.Rxc5 Qb7 21.Qd6 Rxc5 22.Qxc5 a6
23.Qxb4 axb5 24.Qxb5 Qxb5 25.axb5 Rb8 26.Rd1 Rxb5 27.Rd8+ Kh7 28.Bd4 Rb7
29.Kf2 Nd7 30.Ke2 e5 31.Bc3 g5 32.b4 Nb8 33.Rd6 f6 34.Kd3 Kg8 35.Kc4 Kf7
36.b5 Ke7 37.Bb4 Ke8 38.b6 Nd7 39.Kb5 Kd8 40.Ka6 Rb8 41.Ka7  1-0

[Event "RUS-ch sf"]
[Site "Novosibirsk"]
[Date "1998.??.??"]
[Round "?"]
[White "Ivanov, Timur"]
[Black "Kargin, Arseny"]
[Result "1-0"]
[WhiteElo "2380"]
[BlackElo "2285"]

1.Nf3 d5 2.d4 Nf6 3.c4 c6 4.Nc3 dxc4 5.a4 Bf5 6.Ne5 e6 7.f3 Bb4 8.Nxc4 O-O
9.Bg5 h6 10.Bh4 c5 11.dxc5 Qxd1+ 12.Kxd1 Na6 13.e4 Rad8+ 14.Kc2 Bh7 15.Be2 Bxc5
16.Rhd1 g5 17.Bg3 Nb4+ 18.Kb3 Nc6 19.Bd6 Nd4+ 20.Rxd4 Bxd4 21.Nb5 Rxd6 22.Ncxd6 Be5
23.Nxb7 Bxh2 24.Rh1 Rb8 25.Na5 Bf4 26.Nc6 Rb7 27.Nxa7 g4 28.a5 Nd7 29.Nc6 Nc5+
30.Kc4 Na6 31.b4 f5 32.e5 Bg6 33.Rd1 g3 34.Rd8+ Kg7 35.Nbd4 Nxb4 36.Nxb4 Bxe5
37.Ndc6 Bf6 38.Rc8  1-0

[Event "RUS-Cup"]
[Site "Omsk/Perm"]
[Date "1998.??.??"]
[Round "3"]
[White "Ovetchkin, Roman"]
[Black "Lastin, Alexander"]
[Result "1/2-1/2"]
[WhiteElo "2475"]
[BlackElo "2535"]

1.d4 d5 2.c4 c6 3.Nf3 Nf6 4.Nc3 dxc4 5.a4 Bf5 6.e3 e6 7.Bxc4 Bb4 8.O-O O-O
9.Qe2 Bg6 10.Ne5 Nbd7 11.Nxg6 hxg6 12.Rb1 Qa5 13.Bd2 Rad8 14.Be1 Nb6 15.Bb3 e5
16.dxe5 Qxe5  1/2-1/2

[Event "Wch U14"]
[Site "Oropesa del Mar"]
[Date "1998.??.??"]
[Round "11"]
[White "Izoria, Zviad"]
[Black "Heberla, Bartlomiej"]
[Result "1/2-1/2"]
[WhiteElo "2250"]
[BlackElo "2115"]

1.d4 d5 2.c4 c6 3.Nf3 Nf6 4.Nc3 dxc4 5.a4 Bf5 6.Ne5 e6 7.f3 Nfd7 8.Nxd7 Nxd7
9.e4 Bg6 10.Bxc4 e5 11.dxe5 Nxe5 12.Qxd8+ Rxd8 13.Ba2 Bc5 14.Ke2 Ke7 15.h4 f6
16.Be3  1/2-1/2

[Event "NOR-ch"]
[Site "Oslo"]
[Date "1998.??.??"]
[Round "7"]
[White "Johansen, Terje"]
[Black "Madsen, Dag"]
[Result "0-1"]
[WhiteElo "2260"]
[BlackElo "2275"]

1.d4 d5 2.c4 c6 3.Nc3 Nf6 4.Nf3 dxc4 5.a4 Bf5 6.Ne5 e6 7.f3 c5 8.e4 cxd4
9.exf5 Bb4 10.Bxc4 dxc3 11.Qxd8+ Kxd8 12.O-O cxb2 13.Bxb2 Ke7 14.fxe6 fxe6
15.Nd3 Rc8 16.Bb3 Nc6 17.Nxb4 Nxb4 18.Ba3 a5 19.Rfe1 Ra6 20.Re5 Rc3 21.Rb1 Nd5
22.Bxd5 Rxa3 23.Bxb7 Ra7 24.Bc8 Rc7 25.Bxe6 Kf6 26.Re4 Re7 27.Rbe1 Nd3 28.R4e3 Nxe1
29.Rxa3 Kxe6 30.Re3+ Kd6  0-1

[Event "Ostrava IM"]
[Site "Ostrava"]
[Date "1998.??.??"]
[Round "?"]
[White "Michenka, Jozef"]
[Black "Kolesar, Milan"]
[Result "1-0"]
[WhiteElo "2330"]
[BlackElo "2225"]

1.d4 d5 2.c4 c6 3.Nc3 Nf6 4.Nf3 dxc4 5.a4 Bf5 6.e3 e6 7.Bxc4 Bb4 8.O-O Nbd7
9.Nh4 Bg6 10.Bd2 a5 11.f4 c5 12.Nxg6 hxg6 13.d5 e5 14.Qc2 exf4 15.exf4 Nb6
16.b3 Kf8 17.Rad1 Rh5 18.h3 Qd7 19.Ne2 Rd8 20.Ng3 Rh4 21.Be3 Qe7 22.Bc1 Nbxd5
23.f5 Qe5 24.Qf2 Bc3 25.Ne2 Rh5 26.Nxc3 Qxc3 27.Bb2 Qb4 28.fxg6 fxg6 29.Bxf6 Rf5
30.Bxd8 Rxf2 31.Rxf2+  1-0

[Event "Atom Cup GM 3rd"]
[Site "Paks"]
[Date "1998.??.??"]
[Round "5"]
[White "Husari, Sate"]
[Black "Vadasz, Laszlo"]
[Result "1/2-1/2"]
[WhiteElo "2290"]
[BlackElo "2350"]

1.d4 d5 2.c4 c6 3.Nc3 Nf6 4.Nf3 dxc4 5.a4 Bf5 6.Nh4 Bc8 7.Nf3 Bf5 8.e3 e6
9.Bxc4 Nbd7 10.O-O Bb4 11.Na2 Bd6 12.Nc3 Bb4 13.Qb3 a5 14.Na2 Bd6 15.Nc3  1/2-1/2

[Event "Pardubice Czech op"]
[Site "Pardubice"]
[Date "1998.??.??"]
[Round "1"]
[White "Ftacnik, Lubomir"]
[Black "Shurygin, Sergey"]
[Result "1-0"]
[WhiteElo "2580"]
[BlackElo "2305"]

1.d4 d5 2.c4 c6 3.Nf3 Nf6 4.Nc3 dxc4 5.a4 Bf5 6.Ne5 Na6 7.e3 Nb4 8.Bxc4 e6
9.O-O Be7 10.Qe2 Bc2 11.b3 Nfd5 12.Bd2 Nb6 13.Na2 Nxc4 14.bxc4 Nxa2 15.Rxa2 Bg6
16.Rb2 Qc7 17.e4 c5 18.Bf4 Bd6 19.Nxg6 hxg6 20.e5 Be7 21.d5 Qd7 22.dxe6 Qxe6
23.Rxb7 O-O 24.Rd1 Rfd8 25.Rd5 Bf8 26.Qd3 Rab8 27.Rxd8 Rxb7 28.h3 g5 29.Be3 Rc7
30.Rxf8+  1-0

[Event "Pardubice Czech op"]
[Site "Pardubice"]
[Date "1998.??.??"]
[Round "5"]
[White "Haba, Petr"]
[Black "Zurek, Milan"]
[Result "1/2-1/2"]
[WhiteElo "2570"]
[BlackElo "2450"]

1.d4 d5 2.c4 c6 3.Nf3 Nf6 4.Nc3 dxc4 5.a4 Bf5 6.e3 e6 7.Bxc4 Bb4 8.O-O Nbd7
9.Qe2 Bg6 10.Rd1 Qc7 11.Bd2 a5 12.h3 h6 13.Ne1 O-O 14.Nd3 e5 15.Nxb4 axb4
16.Na2 exd4 17.Nxb4 c5 18.Nd3 Nb6 19.Nf4 d3 20.Bxd3 Bxd3 21.Nxd3 c4 22.Nf4 Nxa4
23.Bb4 Rfe8 24.Qc2 Qc6 25.Rd4 Qb5 26.Rxc4 Nxb2 27.Rxa8 Nxc4 28.Rxe8+ Nxe8
29.Bc3 Ncd6 30.Bd4 Qa5 31.Qd1 Qf5 32.Qb3 b5 33.f3 Nc4 34.Qa2 Kh7 35.Ne2 Qd3
36.Kf2 Ned6 37.Nf4 Qd1 38.Qe2 Qc1 39.Qd3+ f5 40.Ne2 Qd2 41.Qxd2 Nxd2 42.Bc3 N2c4
43.Nd4 g5 44.Bb4 Kg6 45.Ke2 h5 46.Nc6 g4 47.Ne7+ Kg5 48.Nd5 gxh3 49.gxh3 Nf7
50.Kf2 Kh6 51.Bf8+ Kh7 52.Nf4 Nfe5 53.Ke2 Ng6 54.Nxg6 Kxg6 55.Bb4 Kf6 56.Kf2 Ke6
57.Bc3 Kd5 58.Bb4 Ne5 59.Bc3 Nc6 60.Kg3 b4 61.Ba1 Ke6 62.Kf4 b3 63.e4 Na5  1/2-1/2